<?xml version="1.0" encoding="UTF-8"?><?xml-stylesheet type="text/xsl" href="static/style.xsl"?><OAI-PMH xmlns="http://www.openarchives.org/OAI/2.0/" xmlns:xsi="http://www.w3.org/2001/XMLSchema-instance" xsi:schemaLocation="http://www.openarchives.org/OAI/2.0/ http://www.openarchives.org/OAI/2.0/OAI-PMH.xsd"><responseDate>2026-04-13T01:28:20Z</responseDate><request verb="GetRecord" identifier="oai:www.recercat.cat:2445/194427" metadataPrefix="marc">https://recercat.cat/oai/request</request><GetRecord><record><header><identifier>oai:recercat.cat:2445/194427</identifier><datestamp>2025-12-05T09:41:02Z</datestamp><setSpec>com_2072_1057</setSpec><setSpec>col_2072_478778</setSpec><setSpec>col_2072_478825</setSpec><setSpec>col_2072_478917</setSpec></header><metadata><record xmlns="http://www.loc.gov/MARC21/slim" xmlns:dcterms="http://purl.org/dc/terms/" xmlns:xsi="http://www.w3.org/2001/XMLSchema-instance" xmlns:doc="http://www.lyncode.com/xoai" xsi:schemaLocation="http://www.loc.gov/MARC21/slim http://www.loc.gov/standards/marcxml/schema/MARC21slim.xsd">
   <leader>00925njm 22002777a 4500</leader>
   <datafield ind2=" " ind1=" " tag="042">
      <subfield code="a">dc</subfield>
   </datafield>
   <datafield ind2=" " ind1=" " tag="720">
      <subfield code="a">Leria Florensa, Laia</subfield>
      <subfield code="e">author</subfield>
   </datafield>
   <datafield ind2=" " ind1=" " tag="720">
      <subfield code="a">Riutort León, Marta</subfield>
      <subfield code="e">author</subfield>
   </datafield>
   <datafield ind2=" " ind1=" " tag="720">
      <subfield code="a">Romero Benedí, Rafael</subfield>
      <subfield code="e">author</subfield>
   </datafield>
   <datafield ind2=" " ind1=" " tag="720">
      <subfield code="a">Ferrer, Xavier</subfield>
      <subfield code="e">author</subfield>
   </datafield>
   <datafield ind2=" " ind1=" " tag="720">
      <subfield code="a">Vila Farré, Miquel</subfield>
      <subfield code="e">author</subfield>
   </datafield>
   <datafield ind2=" " ind1=" " tag="260">
      <subfield code="c">2023-03-02T09:30:06Z</subfield>
   </datafield>
   <datafield ind2=" " ind1=" " tag="260">
      <subfield code="c">2023-03-02T09:30:06Z</subfield>
   </datafield>
   <datafield ind2=" " ind1=" " tag="260">
      <subfield code="c">2022-05-05</subfield>
   </datafield>
   <datafield ind2=" " ind1=" " tag="260">
      <subfield code="c">2023-03-02T09:30:06Z</subfield>
   </datafield>
   <datafield ind2=" " ind1=" " tag="520">
      <subfield code="a">Aim: Species biogeography mainly focuses on palaeogeographical events, while en-vironmental factors are generally overlooked despite their importance in species diversification. Here, we use an integrative approach to understand how palaeogeo-graphical and environmental processes shape species distribution and focus on fresh-water planarians as the model system. Location: Western Mediterranean. Taxon: Dugesia. Methods: We inferred the phylogenetic relationships of most known Dugesia species in the area using six molecular markers. We then estimated their divergence times and reconstructed their ancestral distribution ranges. We also performed environmental niche modelling analyses using Dugesia subtentaculata as a model to evaluate the ef-fects of several hydro-environmental variables and the likely existence of interspecific competition on Dugesia distributions. Results: Our results provide a new phylogenetic scheme for Dugesia from the Western Mediterranean and show that the time splits between the lineages and their putative ancestral distribution ranges are correlated with microplate tectonic dynamics within the region during the Oligocene-Miocene period. Our environmental niche modelling analyses indicate that the type of land cover and the slope of the terrain are the most important abiotic factors driving the distribution of Dugesia from this region. Finally, we found a partial niche overlap between D. subtentaculata and two other common planarian species from the Iberian Peninsula. Main conclusions: The microplate tectonic dynamics of the Western Mediterranean during the Oligocene-Miocene period, together with the position of the mountain ranges and posterior climate changes, may have played crucial roles in driving the biogeographical history of Dugesia in this region. Moreover, both interspecific com-petition and changes in fluvial characteristics driven by human activities may affect the current diversity and distribution of Dugesia in the Western Mediterranean. This study highlights the importance of integrating different types of information to study the biogeographical history of a species.</subfield>
   </datafield>
   <datafield tag="653" ind2=" " ind1=" ">
      <subfield code="a">Planària (Gènere)</subfield>
   </datafield>
   <datafield tag="653" ind2=" " ind1=" ">
      <subfield code="a">Mediterrània occidental</subfield>
   </datafield>
   <datafield tag="653" ind2=" " ind1=" ">
      <subfield code="a">Nínxol ecològic</subfield>
   </datafield>
   <datafield tag="653" ind2=" " ind1=" ">
      <subfield code="a">Biogeografia</subfield>
   </datafield>
   <datafield tag="653" ind2=" " ind1=" ">
      <subfield code="a">Planaria (Genus)</subfield>
   </datafield>
   <datafield tag="653" ind2=" " ind1=" ">
      <subfield code="a">Western Mediterranean</subfield>
   </datafield>
   <datafield tag="653" ind2=" " ind1=" ">
      <subfield code="a">Niche (Ecology)</subfield>
   </datafield>
   <datafield tag="653" ind2=" " ind1=" ">
      <subfield code="a">Biogeography</subfield>
   </datafield>
   <datafield ind2="0" ind1="0" tag="245">
      <subfield code="a">Microplate tectonics and environmental factors as distribution drivers in Western Mediterranean freshwater planarians</subfield>
   </datafield>
</record></metadata></record></GetRecord></OAI-PMH>